It's Over 9000: Record-Setting Collections Quiz Stats

 Plays Quiz Updated May 8, 2018

Challenge
Share
Tweet
Score 0/22 Timer 07:00
0 Plays Today
% Correct
Barbie Dolls
98.8%
Rubber Ducks
98.6%
Winnie the Pooh
96%
Pizza Boxes
95.5%
Yo-Yos
95.4%
Darth Vader
95.2%
Harry Potter
95.2%
Dice
95.2%
Traffic Cones
95%
Sneakers
94.1%
Instant Cameras
94%
% Correct
Bagpipes
93.5%
Trolls
92.6%
Hello Kitty
92.4%
Refrigerator Magnets
91.3%
Pokémon
90.9%
Teddy Bears
90.1%
Do Not Disturb Signs
80.8%
Beavers
80%
Back Scratchers
75.5%
Plastic Food
69.6%
Daleks
53.6%

You're not logged in!

Compare scores with friends on all Sporcle quizzes.
OR
Log In

You Might Also Like...

Show Comments

Extras

Top Quizzes Today


Score Distribution

Your Account Isn't Verified!

In order to create a playlist on Sporcle, you need to verify the email address you used during registration. Go to your Sporcle Settings to finish the process.

Report this User

Report this user for behavior that violates our Community Guidelines.

Details: